00343pab a2200133 454500008004000000100001500040245002200055260000900077300001200086362001200098650002500110650001800135773005600153180718b1997 xxu||||| |||| 00| 0 eng d aJain, H.V. aConstitutionalism c1997 ap.44-73 aJan-Dec aIndia - Constitution aConstitutions aJournal of Constitutional and Parliamentary Studies